Central Library OPAC University of Rajshahi

Plant Pathology / (Record no. 12800)

MARC details
000 -LEADER
fixed length control field 00612nam a22002297a 4500
001 - CONTROL NUMBER
control field 12800
003 - CONTROL NUMBER IDENTIFIER
rucl marc code BD-RjUL
005 - DATE AND TIME OF LATEST TRANSACTION
control field 20211208235346.0
008 - FIXED-LENGTH DATA ELEMENTS--GENERAL INFORMATION
fixed length control field 140129s1969 n bd||| |||| 001 0 eng d
035 ## - SYSTEM CONTROL NUMBER
System control number (BD-RjUL)12850
040 ## - CATALOGING SOURCE
Original cataloging agency BD-RjUL
Language of cataloging eng
Transcribing agency BD-RjUL
041 ## - LANGUAGE CODE
Language code of text/sound track or separate title eng
082 04 - DEWEY DECIMAL CLASSIFICATION NUMBER
Classification number 581.2
Author mark and year WAP 1969
100 1# - MAIN ENTRY--PERSONAL NAME
Personal name Walker,John Charles
9 (RLIN) 39889
245 0# - TITLE STATEMENT
Title Plant Pathology /
Statement of responsibility, etc. John Charles Walker
250 ## - EDITION STATEMENT
Edition statement 3rd Ed
260 ## - PUBLICATION, DISTRIBUTION, ETC. (IMPRINT)
Place of publication, distribution, etc. New York :
Name of publisher, distributor, etc. McGraw-Hill,
Date of publication, distribution, etc. c1969
300 ## - PHYSICAL DESCRIPTION
Pagination xi, 819p. :
Illustrations ill. ;
Size 21cm.
504 ## - BIBLIOGRAPHY, ETC. NOTE
Bibliography, etc Includes Index
650 #0 - SUBJECT ADDED ENTRY--TOPICAL TERM
Topical term or geographic name as entry element Plant diseases.
9 (RLIN) 39890
942 ## - ADDED ENTRY ELEMENTS (KOHA)
Source of classification or shelving scheme Dewey Decimal Classification
Koha item type Books
Holdings
Lost status Source of classification or shelving scheme Damaged status Not for loan Collection code Permanent Location Current Location Shelving location Date acquired Source of acquisition Cost, normal purchase price Total Checkouts Full call number Date last seen Copy number Koha item type
  Dewey Decimal Classification     Non-fiction Central Library, University of Rajshahi Central Library, University of Rajshahi   03/03/1973 Blackwell 7.20   581.2 WAP 1969 29/01/2014 C-7 Books
  Dewey Decimal Classification     Non-fiction Central Library, University of Rajshahi Central Library, University of Rajshahi Reading Room 03/03/1973 Black Well 7.20   581.2 WAP 1969 10/12/2018 C-1 Books
  Dewey Decimal Classification     Non-fiction Central Library, University of Rajshahi Central Library, University of Rajshahi   13/08/1973 Aligarh library,Rajshahi 39.00   581.2 WAP 1969 07/02/2019 C-2 Books